00706nam a2200157 a 450000100100000000500170001000800410002704000250006824501000009326001150019330000310030850400300033971000570036995201050042699900170053100004250820201002040211.0131205s1984 sp c 000 0 spa d aDO-SdBNPbspacBNPHU00aAntoni Clave, grabador :bcolección del Museo Español de Arte Contemporáneo, Madrid 1984. aMadrid, :bDirección General de Bellas Artes y ArchivosbSubdirección General de Artes Plásticas,c1984. a183 p. :bretrs. ;c28 cm. aBibliografía p: 171-1751 aEspañabSubdirección de Artes Plásticas969708 001050718MOaGRbGRcCTd2013-12-05iLF1l0o p42508-10r2020-06-25w2020-06-25y1ZNo se presta c41997d41997